Statistical Analysis of the Influences of Relevant Factors on Occurence of Poverty in Slovak Households Based on EU-SILC Data

Salvato in:
Dettagli Bibliografici
Autore principale: Šoltés, Erik, 1974-
Altri autori: Šoltésová, Tatiana, 1975-
Natura: Capitolo di libro
Lingua:inglese
Soggetti:
Tags: Aggiungi Tag
Nessun Tag, puoi essere il primo ad aggiungerne!!

MARC

LEADER 00000naa$a2200000$$$4500
001 0156949
005 20240502083349.9
041 0 |a eng 
044 |a PL 
245 1 0 |a Statistical Analysis of the Influences of Relevant Factors on Occurence of Poverty in Slovak Households Based on EU-SILC Data  |c Erik Šoltés, Tatiana Šoltésová 
500 |a Abstrakt 
610 2 0 |a chudoba 
610 2 0 |a domácnosti 
610 2 0 |a analýza štatistická 
610 2 0 |a Slovensko 
610 2 0 |a 2006-2010 
100 1 |a Šoltés, Erik, 1974- 
700 1 |a Šoltésová, Tatiana, 1975-